| 000 | 00487nam a2200193Ia 4500 | ||
|---|---|---|---|
| 003 | OSt | ||
| 005 | 20240212122705.0 | ||
| 008 | 210210b1950 xxu||||| |||| 00| 0 eng d | ||
| 040 | _cAL | ||
| 041 | _aeng | ||
| 082 | _a960/37 | ||
| 100 |
_aROTARY GUIDE to careers _9150638 |
||
| 245 | _aRotary guide to careers:12 a medical career | ||
| 260 |
_aBombay _bOxford University Press _c1950 |
||
| 300 | _a16 | ||
| 690 |
_aGeneral Knowledge _9150646 |
||
| 906 | _a002324 | ||
| 942 |
_2ddc _cBK |
||
| 999 |
_c121667 _d121667 |
||